[Event "8th Sharjah Masters B"]
[Site "Sharjah UAE"]
[Date "2025.05.17"]
[Round "1.1"]
[White "Preobrazhenskaya, Diana"]
[Black "Ayush, Sharma"]
[Result "1-0"]
[WhiteTitle "WFM"]
[BlackTitle "IM"]
[WhiteElo "2103"]
[BlackElo "2478"]
[WhiteFideId "34270566"]
[BlackFideId "45010943"]
[EventDate "2025.05.17"]

1. e4 c5 2. Nf3 e6 3. d4 cxd4 4. Nxd4 a6 5. Bd3 Bc5 6. Nb3 Ba7 7. Qg4 Nf6 8. Qg3
d6 9. Nc3 Nc6 10. Bg5 h6 11. Bd2 h5 12. Bg5 b5 13. O-O-O Bb7 14. Bh4 Kf8 15. f4
Qc7 16. Bxf6 gxf6 17. Qh4 Qe7 18. Kb1 b4 19. Ne2 a5 20. Bb5 Bb6 21. Ba4 f5 22.
Qxe7+ Nxe7 23. Rxd6 Nc8 24. Rd7 Bxe4 25. Rhd1 Bxg2 26. Ned4 Ne7 27. Re1 Be4 28.
Rd6 Bc7 29. Rd7 Bxf4 30. Nc5 Bd5 31. Bb3 Bxb3 32. axb3 Ke8 33. Rb7 Rh6 34. h4
Rc8 35. Nd3 Bd6 36. Nb5 Bb8 37. c3 bxc3 38. bxc3 f4 39. c4 Rd8 40. Nc5 Nf5 41.
Na6 Ng3 42. Nxb8 f3 43. Nc6 f2 44. Rc1 Rd3 45. Rb8+ Kd7 46. Ne5+ Ke7 47. Nxd3
f1=Q 48. Rxf1 Nxf1 49. Rb7+ 1-0

[Event "8th Sharjah Masters B"]
[Site "Sharjah UAE"]
[Date "2025.05.17"]
[Round "1.2"]
[White "Prraneeth, Vuppala"]
[Black "Nyazi, Nehad"]
[Result "1-0"]
[WhiteTitle "GM"]
[WhiteElo "2474"]
[BlackElo "2103"]
[WhiteFideId "46622373"]
[BlackFideId "10601988"]
[EventDate "2025.05.17"]

1. e4 c6 2. d4 d5 3. e5 Bf5 4. h4 a6 5. a3 h5 6. Bd3 Bxd3 7. Qxd3 e6 8. Nf3 c5
9. dxc5 Bxc5 10. O-O Nc6 11. c4 Nge7 12. Nc3 Bd4 13. Nxd4 dxc4 14. Qxc4 Qxd4 15.
Qxd4 Nxd4 16. Ne4 O-O 17. Bg5 Nd5 18. Nd6 f6 19. exf6 gxf6 20. Be3 Nb3 21. Rad1
b5 22. Rd3 Rad8 23. Bh6 Rxd6 24. Bxf8 Kxf8 25. Rxb3 Kf7 26. Rc1 Nf4 27. Rc7+ Kg6
28. g3 Rd1+ 29. Kh2 Ne2 30. Re3 Nd4 31. Kg2 e5 32. Ra7 Rd2 33. Rxa6 Kf5 34. b3
e4 35. Ra5 Ke5 36. a4 Ra2 37. b4 Nc2 38. Re2 Kd4 39. axb5 Rb2 40. b6 1-0

[Event "8th Sharjah Masters B"]
[Site "Sharjah UAE"]
[Date "2025.05.17"]
[Round "1.3"]
[White "Xu, Ziyuan"]
[Black "Garifullina, Leya"]
[Result "1/2-1/2"]
[BlackTitle "IM"]
[WhiteElo "2102"]
[BlackElo "2467"]
[WhiteFideId "63100630"]
[BlackFideId "34127035"]
[EventDate "2025.05.17"]

1. e4 c5 2. Nc3 d6 3. d4 cxd4 4. Qxd4 Nc6 5. Qd2 g6 6. b3 Bh6 7. f4 Nf6 8. Bb2
O-O 9. O-O-O a5 10. Kb1 a4 11. Nxa4 Nxe4 12. Qe3 Nf6 13. Nb6 Rb8 14. Nxc8 Rxc8
15. Nf3 Qa5 16. a3 Ng4 17. Qe2 Bxf4 18. g3 Be5 19. Nxe5 Ngxe5 20. g4 f6 21. h4
Kf7 22. Bg2 Ke8 23. b4 Qc7 24. Bd5 Nd8 25. g5 e6 26. Bb3 f5 27. Bxe5 dxe5 28.
Ba4+ Nc6 29. h5 Ke7 30. hxg6 hxg6 31. Rh7+ Rf7 32. Rdh1 Rf8 33. Qe3 Nb8 34.
Rxf7+ Rxf7 35. Rh8 Nd7 36. Bxd7 Kxd7 37. Qd3+ Ke7 38. Qb5 Rf8 39. Rh7+ Rf7 40.
Rh8 Rf8 41. Rh7+ Rf7 1/2-1/2

[Event "8th Sharjah Masters B"]
[Site "Sharjah UAE"]
[Date "2025.05.17"]
[Round "1.4"]
[White "Wang, Shixu B"]
[Black "Vishwa, Vasnawala"]
[Result "1-0"]
[WhiteTitle "IM"]
[BlackTitle "WIM"]
[WhiteElo "2462"]
[BlackElo "2090"]
[WhiteFideId "8610665"]
[BlackFideId "46658467"]
[EventDate "2025.05.17"]

1. d4 d5 2. c4 e6 3. Nc3 Nf6 4. cxd5 exd5 5. Bg5 Be7 6. e3 O-O 7. Bd3 Re8 8. Nf3
h6 9. Bf4 c5 10. dxc5 Bxc5 11. O-O Nc6 12. h3 a6 13. Ne2 Ne4 14. Rc1 Ba7 15. Bc2
Ng5 16. Nfd4 Nxd4 17. Nxd4 Qf6 18. Bh2 Bxd4 19. Qxd4 Qxd4 20. exd4 Bd7 21. Bf4
Ne6 22. Be3 Rac8 23. Rfd1 a5 24. g4 g5 25. Kg2 Ng7 26. Bb3 Be6 27. Rc5 b6 28.
Rb5 Rb8 29. Rc1 Red8 30. h4 Bd7 31. Rxd5 a4 32. Bd1 Bc6 33. Rxc6 Rxd5 34. Bxa4
gxh4 35. Bb3 Rd7 36. Rxh6 Ne8 37. Bf4 Ra8 38. Be5 Kf8 39. g5 b5 40. f4 Rad8 41.
f5 Rxd4 42. Rh8+ Ke7 43. f6+ 1-0

[Event "8th Sharjah Masters B"]
[Site "Sharjah UAE"]
[Date "2025.05.17"]
[Round "1.5"]
[White "Zhou, Yuxu"]
[Black "Levin, Evgeny A."]
[Result "0-1"]
[WhiteTitle "CM"]
[BlackTitle "GM"]
[WhiteElo "2087"]
[BlackElo "2453"]
[WhiteFideId "8626421"]
[BlackFideId "4182596"]
[EventDate "2025.05.17"]

1. Nf3 Nf6 2. g3 b6 3. Bg2 Bb7 4. O-O c5 5. c4 e6 6. Nc3 Be7 7. d4 cxd4 8. Qxd4
O-O 9. Rd1 d6 10. Bg5 Nc6 11. Qd2 Qb8 12. Bxf6 Bxf6 13. Qxd6 Qxd6 14. Rxd6 Na5
15. Nd2 Bxg2 16. Kxg2 Rfd8 17. Rxd8+ Rxd8 18. Nde4 Be7 19. h4 Nxc4 20. b3 Ne5
21. Rc1 f5 22. Ng5 Rc8 23. a4 h6 24. Nxe6 Ba3 25. Rd1 Rxc3 26. Rd8+ Kf7 27. Nd4
Bc5 28. Nxf5 Rxb3 29. Ra8 Kf6 30. e4 Rb2 31. Rxa7 Rxf2+ 32. Kh3 h5 33. Nxg7 Kg6
34. Ne6 Ng4 35. Nf4+ Kh6 36. Nxh5 Kxh5 37. Rh7+ Kg6 38. Rc7 Ne5 39. a5 Ra2 40.
axb6 Bxb6 41. Re7 Kf6 42. Rb7 Bd4 43. Rb4 Bg1 44. g4 Be3 45. Kg3 Bf4+ 0-1

[Event "8th Sharjah Masters B"]
[Site "Sharjah UAE"]
[Date "2025.05.17"]
[Round "1.6"]
[White "Mahdavi, Reza"]
[Black "Muhammed, Shuaau"]
[Result "1-0"]
[WhiteTitle "IM"]
[BlackTitle "FM"]
[WhiteElo "2445"]
[BlackElo "2082"]
[WhiteFideId "12595926"]
[BlackFideId "16700406"]
[EventDate "2025.05.17"]

1. e4 e5 2. Nf3 Nc6 3. Bc4 Nf6 4. Ng5 d5 5. exd5 Na5 6. Bb5+ c6 7. dxc6 bxc6 8.
Bd3 Nd5 9. Nf3 Bd6 10. Nc3 Nf4 11. O-O Nxd3 12. cxd3 O-O 13. Re1 Re8 14. Ne4 Bf8
15. b4 Bxb4 16. Qa4 Bf8 17. Bb2 f6 18. Bc3 Nb7 19. d4 Qd5 20. dxe5 fxe5 21. d4
Bf5 22. dxe5 Bxe4 23. Qxe4 Qxe4 24. Rxe4 Nd6 25. Rf4 Nb5 26. Ba5 c5 27. Rc4 Rac8
28. Rac1 Nc7 29. Kf1 Ne6 30. Ke2 Rb8 31. Bc3 g6 32. g3 Bg7 33. Nd2 Red8 34. f4
Bf8 35. Ne4 Be7 36. Ke3 h5 37. Ra4 Rd7 38. Rf1 Ng7 39. Ra6 Rb6 40. Rxb6 axb6 41.
Rb1 Rb7 42. a4 Ne6 43. Kd3 Kf8 44. Kc4 Ke8 45. a5 Kd7 46. a6 Rb8 47. Ba5 Bd8 48.
a7 Ra8 49. Bxb6 Bxb6 50. Rxb6 Rxa7 51. Nxc5+ 1-0

[Event "8th Sharjah Masters B"]
[Site "Sharjah UAE"]
[Date "2025.05.17"]
[Round "1.7"]
[White "Imomkuzieva, Nilufarkhon"]
[Black "Meng, Yihan"]
[Result "1/2-1/2"]
[WhiteTitle "WFM"]
[WhiteElo "2080"]
[BlackElo "2443"]
[WhiteFideId "14216736"]
[BlackFideId "8631891"]
[EventDate "2025.05.17"]

1. e4 c6 2. d4 d5 3. Nc3 dxe4 4. Nxe4 Nf6 5. Nxf6+ exf6 6. c3 Bd6 7. Bd3 O-O 8.
Qc2 Re8+ 9. Ne2 h5 10. Be3 Nd7 11. O-O-O Nf8 12. Kb1 Be6 13. c4 Ng6 14. h3 h4
15. Rhe1 Rc8 16. Nc3 Bb4 17. a3 Bxc3 18. Qxc3 Qd7 19. Qa5 b5 20. Rc1 Rb8 21.
Red1 bxc4 22. Bxc4 Bxc4 23. Rxc4 Rb5 24. Qa4 Qd5 25. Rdc1 Reb8 26. R1c2 Qxg2 27.
Rxc6 Qxh3 28. Qxa7 Qf5 29. Bc1 h3 30. Rc5 Qd3 31. Qc7 Nf8 32. Rc3 Qf5 33. Qg3
Ne6 34. Qxh3 Qxh3 35. Rxh3 Nxd4 36. Rc4 Nf5 37. b4 g5 38. Ka2 Ne7 39. Kb3 Rf5
40. f4 Ng6 41. Rg3 Re8 42. fxg5 fxg5 43. Rxg5 Rf3+ 44. Rc3 Rf1 45. a4 Kf8 46. a5
Ra8 47. Rgc5 Ne7 48. Ka4 Rd1 49. b5 Nd5 50. Rc8+ Ke7 51. Ba3+ Kd7 52. Rxa8 Nxc3+
53. Kb4 Nd5+ 54. Kc5 Nc7 55. Rb8 Rd5+ 56. Kc4 Rxb5 57. Rxb5 Nxb5 58. Kxb5 Kc7 1/2-1/2

[Event "8th Sharjah Masters B"]
[Site "Sharjah UAE"]
[Date "2025.05.17"]
[Round "1.8"]
[White "Harshavardhan, G B"]
[Black "Vandan Alankar Sawai"]
[Result "1-0"]
[WhiteTitle "IM"]
[BlackTitle "CM"]
[WhiteElo "2441"]
[BlackElo "2075"]
[WhiteFideId "25059009"]
[BlackFideId "25973096"]
[EventDate "2025.05.17"]

1. d4 d5 2. c4 e6 3. Nc3 a6 4. cxd5 exd5 5. Bf4 Nf6 6. e3 c5 7. Nge2 c4 8. Be5
Ng4 9. Nf4 Bb4 10. Be2 Nxe5 11. dxe5 Be6 12. Bg4 Qg5 13. Bxe6 fxe6 14. Nxe6 Qxe5
15. Qh5+ Qxh5 16. Nxg7+ Kf7 17. Nxh5 Nc6 18. O-O-O Bxc3 19. bxc3 Rad8 20. Nf4
Rhg8 21. Rd2 b5 22. Rhd1 b4 23. Rxd5 Rxd5 24. Rxd5 bxc3 25. Rc5 Nb4 26. Rxc4 Rb8
27. Kb1 Nd3+ 28. Kc2 Nxf2 29. Rxc3 Rb6 30. Rc7+ Kg8 31. h3 Ne4 32. g4 Rd6 33.
Re7 Rc6+ 34. Kd3 Nc3 35. a3 Nb1 36. a4 Rc3+ 37. Ke4 Rc5 38. Ne6 Ra5 39. Rg7+ Kh8
40. Rb7 Nd2+ 41. Kd3 Rd5+ 42. Nd4 Nf1 43. Rb1 1-0

[Event "8th Sharjah Masters B"]
[Site "Sharjah UAE"]
[Date "2025.05.17"]
[Round "1.9"]
[White "Mukund Hemant Agarwal"]
[Black "Jiang, Haochen"]
[Result "0-1"]
[WhiteElo "2075"]
[BlackElo "2439"]
[WhiteFideId "25679791"]
[BlackFideId "8631930"]
[EventDate "2025.05.17"]

1. e4 e6 2. d4 d5 3. Nd2 c5 4. Ngf3 cxd4 5. Nxd4 Nc6 6. Bb5 Bd7 7. Nxc6 Bxc6 8.
Bxc6+ bxc6 9. c4 Nf6 10. Qa4 Qc7 11. exd5 exd5 12. O-O Be7 13. b3 O-O 14. Bb2
Ne4 15. Nxe4 dxe4 16. c5 f5 17. Rad1 Rae8 18. Qc4+ Kh8 19. Rfe1 h6 20. b4 Kh7
21. h3 Bg5 22. a4 e3 23. fxe3 Qg3 24. Kh1 Re4 25. Bd4 Bf4 26. exf4 Rxe1+ 27.
Rxe1 Qxe1+ 28. Bg1 Rd8 29. Qc2 Rd1 30. Qxf5+ Kg8 31. Qc8+ Kf7 32. Qc7+ Kg6 33.
f5+ Kh7 34. Qh2 Qxb4 35. Qg3 Qe4 36. f6 gxf6 37. Qc7+ Kg6 38. Qg3+ Kf5 39. Qf2+
Ke6 40. Qa2+ Qd5 41. Qe2+ Kf7 42. Qg4 h5 43. Qg3 Qd4 44. Qb3+ Kg7 45. Qg3+ Kh6
46. Qh2 h4 0-1

[Event "8th Sharjah Masters B"]
[Site "Sharjah UAE"]
[Date "2025.05.17"]
[Round "1.10"]
[White "Mayank, Chakraborty"]
[Black "Shashish Subbiah"]
[Result "1-0"]
[WhiteTitle "IM"]
[WhiteElo "2436"]
[BlackElo "2068"]
[WhiteFideId "25659766"]
[BlackFideId "48725579"]
[EventDate "2025.05.17"]

1. e4 c5 2. Nf3 a6 3. c4 Nc6 4. d4 cxd4 5. Nxd4 e5 6. Nf3 Nf6 7. Bd3 Bc5 8. Nc3
d6 9. h3 h6 10. a3 Be6 11. Nd5 O-O 12. O-O Nd7 13. b4 Ba7 14. Bb2 Ne7 15. Rc1
Rc8 16. Qd2 Ng6 17. Kh2 Nf6 18. Bb1 Nh5 19. Ng1 Qg5 20. Qxg5 hxg5 21. g3 Rc6 22.
Bd3 Rfc8 23. a4 b5 24. cxb5 Rxc1 25. Rxc1 axb5 26. Rxc8+ Bxc8 27. Bxb5 Bxf2 28.
Ne2 Bb7 29. Bd3 Kf8 30. a5 Nf6 31. Nxf6 gxf6 32. Kg2 Ba7 33. b5 f5 34. b6 Bxb6
35. axb6 fxe4 36. Bb5 1-0

[Event "8th Sharjah Masters B"]
[Site "Sharjah UAE"]
[Date "2025.05.17"]
[Round "1.11"]
[White "Alhejab, Meshal"]
[Black "Burmakin, Vladimir"]
[Result "0-1"]
[WhiteTitle "CM"]
[BlackTitle "GM"]
[WhiteElo "2067"]
[BlackElo "2435"]
[WhiteFideId "10302603"]
[BlackFideId "4105109"]
[EventDate "2025.05.17"]

1. e4 c6 2. d4 d5 3. Nc3 dxe4 4. Nxe4 Nd7 5. Nf3 Ngf6 6. Nxf6+ Nxf6 7. c3 g6 8.
Ne5 Be6 9. Bd3 Bg7 10. O-O O-O 11. f4 Qc8 12. Qe2 c5 13. Be3 cxd4 14. Bxd4 Bf5
15. Rfe1 Bxd3 16. Nxd3 e6 17. Rad1 Rd8 18. Qf3 Rd5 19. Re5 Qc7 20. Nb4 Rd7 21.
Rc5 Qd8 22. Rb5 b6 23. Rd3 Rc8 24. a4 Qe8 25. h3 Rdd8 26. Re3 Qd7 27. Qe2 Ne8
28. Bxg7 Qd1+ 29. Qxd1 Rxd1+ 30. Kf2 Kxg7 31. Nc2 Nc7 32. Rbe5 Rb1 33. Nd4 Rxb2+
34. Kf3 Nd5 35. Rd3 Ra2 36. f5 gxf5 37. Nxf5+ Kf6 38. Nd6 Kxe5 39. Nxc8 Rxa4 0-1

[Event "8th Sharjah Masters B"]
[Site "Sharjah UAE"]
[Date "2025.05.17"]
[Round "1.12"]
[White "Ahmad, Al Khatib"]
[Black "Aamuktha Guntaka"]
[Result "0-1"]
[WhiteTitle "GM"]
[WhiteElo "2283"]
[BlackElo "1979"]
[WhiteFideId "8103178"]
[BlackFideId "33486697"]
[EventDate "2025.05.17"]

1. e4 c5 2. Nf3 d6 3. Bb5+ Bd7 4. Bxd7+ Qxd7 5. O-O Nf6 6. Re1 e6 7. c3 Be7 8.
d4 cxd4 9. cxd4 d5 10. e5 Ne4 11. Nbd2 Nxd2 12. Qxd2 Nc6 13. Qf4 O-O 14. Qg4 Kh8
15. Bd2 Rac8 16. a3 b5 17. Rad1 b4 18. Re3 bxa3 19. bxa3 Na5 20. Ne1 Nc4 21. Rg3
g6 22. Bh6 f5 23. Qh3 Rg8 24. Nf3 Rc7 25. Ng5 Bf8 26. Bxf8 Rxf8 27. Qh6 Re8 28.
Rh3 Kg8 29. Nxh7 Qxh7 30. Qg5 Qg7 31. Rh6 Kf7 32. Qh4 Kg8 33. h3 Nb2 34. Re1 Rc3
35. Qg5 Kf7 36. Qh4 Kg8 37. Rb1 Rc2 38. Qg5 Kf7 39. h4 Rh8 40. Rxh8 Qxh8 41. g3
Qe8 42. Qf6+ Kg8 43. Kg2 Qf7 44. Qd8+ Kh7 45. Qb8 f4 46. Rxb2 Rxb2 47. Qxb2 f3+
48. Kh2 g5 49. Qb1+ Kg7 50. Qc1 gxh4 51. Qg5+ Kh7 52. Qxh4+ Kg6 53. Qg4+ Kh7 54.
Kh3 a5 55. a4 Kh8 56. Qh4+ Kg8 57. Qg5+ Kh7 58. Kg4 Qd7 59. Qh5+ Kg7 60. Qg5+
Kh7 61. Kxf3 Qxa4 62. Qe7+ Kh8 63. Qxe6 Qxd4 64. Qh6+ Kg8 65. Qg6+ Kh8 66. e6
Qe5 67. Qh6+ Kg8 68. Qg6+ Qg7 69. Qf5 Qf8 70. Qxf8+ Kxf8 71. Ke3 a4 72. Kd3 a3
73. Kc3 d4+ 74. Kb3 d3 0-1

[Event "8th Sharjah Masters B"]
[Site "Sharjah UAE"]
[Date "2025.05.18"]
[Round "2.1"]
[White "Sakline Mostafa, Sajid"]
[Black "Prraneeth, Vuppala"]
[Result "0-1"]
[WhiteTitle "FM"]
[BlackTitle "GM"]
[WhiteElo "2234"]
[BlackElo "2474"]
[WhiteFideId "10244654"]
[BlackFideId "46622373"]
[EventDate "2025.05.17"]

1. Nf3 d5 2. g3 c6 3. Bg2 Bf5 4. c4 dxc4 5. Na3 e5 6. Nxc4 e4 7. Nh4 Be6 8. Ne3
Nf6 9. O-O Qd7 10. f3 g5 11. Nhf5 Bxf5 12. fxe4 Bxe4 13. Rxf6 Bg7 14. Rf1 Bg6
15. Nc2 Na6 16. d3 h6 17. Rb1 Nc5 18. b4 Na4 19. Rb3 O-O 20. Be3 Rfe8 21. Qd2
Re7 22. Kh1 Rae8 23. Rf2 a6 24. Ra3 Nb2 25. Qc1 f5 26. Bf3 Rxe3 27. Nxe3 Qd4 28.
Bxc6 bxc6 29. Qxc6 Bf7 0-1

[Event "8th Sharjah Masters B"]
[Site "Sharjah UAE"]
[Date "2025.05.18"]
[Round "2.2"]
[White "Borisova, Ekaterina"]
[Black "Wang, Shixu B"]
[Result "0-1"]
[WhiteTitle "FM"]
[BlackTitle "IM"]
[WhiteElo "2233"]
[BlackElo "2462"]
[WhiteFideId "34124184"]
[BlackFideId "8610665"]
[EventDate "2025.05.17"]

1. Nf3 Nf6 2. g3 b6 3. Bg2 Bb7 4. c4 c5 5. O-O g6 6. b3 Bg7 7. Bb2 O-O 8. d4
cxd4 9. Qxd4 Na6 10. Nc3 Nc5 11. Qe3 Rc8 12. Rfd1 Nfe4 13. Rab1 Nxc3 14. Bxc3
Bxc3 15. Qxc3 d6 16. h4 Ne4 17. Qe3 Nf6 18. Rd4 Qd7 19. Qh6 Bxf3 20. Bxf3 Rc5
21. b4 Re5 22. Qd2 Rc8 23. Rb3 Qe6 24. Qd3 h6 25. Rc3 g5 26. Bb7 Rc7 27. Bf3 a5
28. a3 axb4 29. axb4 Ra7 30. Kg2 Kg7 31. hxg5 hxg5 32. Rc1 Ra2 33. Rh1 Qf5 34.
Qb3 Qc2 35. Qxc2 Rxc2 36. Ra1 Rb2 37. b5 Nd7 38. Ra8 f5 39. g4 f4 40. Ra7 Nf8
41. Rxd6 Ng6 42. Rd1 Kf6 43. Rc7 Re6 44. Rc8 Rc2 45. Kg1 Ne5 46. Rf8+ Kg7 47.
Rf5 Nxf3+ 48. exf3 Kg6 49. Kg2 Ree2 50. Rdd5 e6 51. Rxg5+ Kf6 0-1

[Event "8th Sharjah Masters B"]
[Site "Sharjah UAE"]
[Date "2025.05.18"]
[Round "2.3"]
[White "Levin, Evgeny A."]
[Black "Aakanksha, Hagawane"]
[Result "1-0"]
[WhiteTitle "GM"]
[BlackTitle "WIM"]
[WhiteElo "2453"]
[BlackElo "2188"]
[WhiteFideId "4182596"]
[BlackFideId "25014510"]
[EventDate "2025.05.17"]

1. d4 Nf6 2. c4 e6 3. Nc3 d5 4. cxd5 exd5 5. Bg5 c6 6. Qc2 Nbd7 7. e3 h6 8. Bh4
Be7 9. Bd3 O-O 10. Nge2 Re8 11. O-O Nh5 12. Bxe7 Qxe7 13. Rae1 Nf8 14. Nc1 Nf6
15. f3 Ne6 16. Qf2 c5 17. N1e2 cxd4 18. Nxd4 Nxd4 19. exd4 Be6 20. Re2 Qd6 21.
Rfe1 a6 22. Qh4 b5 23. Nd1 Ra7 24. Re5 Rae7 25. a3 b4 26. a4 Bd7 27. Qg3 Rxe5
28. dxe5 Qc5+ 29. Qf2 Qxf2+ 30. Kxf2 Nh7 31. f4 Bxa4 32. Ne3 Bb3 33. Nf5 Nf8 34.
Bxa6 Ne6 35. Ke3 Ra8 36. Bb7 Ra2 37. Re2 Kh7 38. Rd2 g6 39. Nd4 Bc4 40. Nxe6
fxe6 41. Kd4 Kg7 42. g4 Kf7 43. f5 Ra7 44. fxg6+ Kxg6 45. Bc8 Kf7 46. Rf2+ Ke7
47. Rf6 Ra2 48. Rxh6 Rxb2 49. Rh7+ Kf8 50. Bxe6 Rd2+ 51. Kc5 b3 52. Rb7 Rxh2 53.
Bf5 Re2 54. e6 b2 55. Kd6 d4 56. e7+ Kf7 57. g5 d3 58. Bg4 d2 59. Bh5+ 1-0

[Event "8th Sharjah Masters B"]
[Site "Sharjah UAE"]
[Date "2025.05.18"]
[Round "2.4"]
[White "Sultan, Ibrahim"]
[Black "Mahdavi, Reza"]
[Result "0-1"]
[WhiteTitle "IM"]
[BlackTitle "IM"]
[WhiteElo "2222"]
[BlackElo "2445"]
[WhiteFideId "9301143"]
[BlackFideId "12595926"]
[EventDate "2025.05.17"]

1. d4 Nf6 2. c4 c5 3. d5 b5 4. cxb5 a6 5. e3 g6 6. Nc3 Bg7 7. a4 O-O 8. e4 Qa5
9. Bd2 d6 10. Qc2 axb5 11. Bxb5 Na6 12. Nge2 Nb4 13. Qb1 Ba6 14. O-O Rfb8 15. f3
Ne8 16. Bxa6 Nxa6 17. Qc1 Nac7 18. Ra2 Qa6 19. Qc2 Qc4 20. Ra3 Nf6 21. b3 Qa6
22. Rb1 Nd7 23. Ng3 Ne5 24. Nf1 Nd3 25. Ne3 Bd4 26. Kh1 Nb4 27. Qc1 Qd3 28. Nc4
f5 29. Nb2 Qc2 30. exf5 Qxf5 31. Ne2 Bf6 32. Bc3 Nb5 33. Raa1 Nxc3 34. Nxc3 Nc2
35. Ra2 Bxc3 36. Nd1 Nb4 37. Nxc3 Nxa2 38. Nxa2 Rxa4 39. Nc3 Rab4 40. Qd1 0-1

[Event "8th Sharjah Masters B"]
[Site "Sharjah UAE"]
[Date "2025.05.18"]
[Round "2.5"]
[White "Vasilkov, Nikolay"]
[Black "Harshavardhan, G B"]
[Result "1/2-1/2"]
[BlackTitle "IM"]
[WhiteElo "2201"]
[BlackElo "2441"]
[WhiteFideId "34283510"]
[BlackFideId "25059009"]
[EventDate "2025.05.17"]

1. e4 e6 2. d4 d5 3. Nc3 Nf6 4. e5 Nfd7 5. f4 c5 6. Nf3 a6 7. Be3 Qb6 8. a3 Nc6
9. dxc5 Bxc5 10. Na4 Qa5+ 11. b4 Qxa4 12. bxc5 O-O 13. c4 Qa5+ 14. Qd2 Qxd2+ 15.
Kxd2 Rd8 16. Kc3 Ne7 17. Bd3 Nf8 18. Rab1 Rb8 19. Bf2 Bd7 20. Bh4 Re8 21. Bxe7
Rxe7 22. Nd4 dxc4 23. Be4 Be8 24. Kxc4 Rc7 25. Rhc1 Rbc8 26. Kd3 Nd7 27. Bxb7
Nxc5+ 28. Rxc5 Rxc5 29. Bxc8 Rxc8 30. Rb6 a5 31. Nb5 f6 32. Nd6 Bg6+ 33. Kd4 Ra8
34. Rb7 h5 35. Re7 Bf5 36. exf6 gxf6 37. Nxf5 exf5 38. Kd5 Rd8+ 39. Ke6 Rd2 40.
g3 Rxh2 41. Kxf6 Rh3 42. Rg7+ Kf8 43. Rg5 a4 44. Rxf5 Rxg3 45. Ra5 Kg8 46. Ra8+
Kh7 47. Rxa4 Rg6+ 48. Ke5 h4 49. f5 Rh6 50. Ra7+ Kg8 51. Rd7 h3 52. Rd1 h2 53.
Rh1 Kf7 54. a4 Rh8 55. a5 Ra8 56. Rxh2 Rxa5+ 57. Kf4 Ra6 58. Kg5 Kg7 59. Re2 Kf7
60. Rb2 Rc6 61. Rb7+ Kf8 62. Kf4 Ra6 63. Ke5 Rc6 64. Rd7 Ra6 65. Kf4 Rb6 66. Kg5
Ra6 67. Rd3 Kf7 68. Rh3 Kg7 69. Rd3 Kf7 70. Rd7+ Kf8 71. Rc7 Rb6 72. Rh7 Ra6 73.
Rh6 Rxh6 74. Kxh6 Kf7 75. Kg5 Kg7 76. f6+ Kf7 77. Kf5 Kf8 78. Kg6 Kg8 79. f7+
Kf8 80. Kf6 1/2-1/2

[Event "8th Sharjah Masters B"]
[Site "Sharjah UAE"]
[Date "2025.05.18"]
[Round "2.6"]
[White "Jiang, Haochen"]
[Black "AbuAzizah, Raji"]
[Result "0-1"]
[BlackTitle "FM"]
[WhiteElo "2439"]
[BlackElo "2182"]
[WhiteFideId "8631930"]
[BlackFideId "11503327"]
[EventDate "2025.05.17"]

1. e4 c5 2. Nf3 e6 3. Nc3 Nc6 4. Bb5 Nd4 5. Bd3 d6 6. Nxd4 cxd4 7. Ne2 e5 8. c3
dxc3 9. dxc3 Nf6 10. Ng3 a6 11. O-O Be7 12. Bc4 O-O 13. Qf3 Bg4 14. Qd3 Qc8 15.
Bg5 b5 16. Bb3 Rd8 17. h3 Be6 18. Qf3 h6 19. Bxf6 Bxf6 20. Rad1 Bxb3 21. axb3
Qe6 22. Nf5 Kh7 23. Ne3 Qxb3 24. Nd5 Bg5 25. Qxf7 Qxb2 26. Qh5 Rf8 27. Nc7 Qxc3
28. Nxa8 Qc6 29. Qg4 Rxa8 30. h4 Be7 31. h5 b4 32. Rd5 b3 33. Qg6+ Kh8 34. Rxe5
Bf8 35. Rf5 b2 36. e5 Qc1 37. Rf7 dxe5 38. Rb7 a5 39. Qe4 Re8 40. Qa4 Rd8 41.
Qxa5 Rd1 42. Qa6 b1=Q 43. Rxb1 Qxb1 44. g3 Rxf1+ 45. Qxf1 Qxf1+ 46. Kxf1 Kg8 47.
Ke2 Kf7 48. Kd3 Bc5 49. f3 Bf2 50. g4 Kf6 51. Ke4 Bd4 52. Kd5 Kg5 53. Ke4 Kh4
54. Kf5 Kg3 55. Ke4 Ba1 56. Ke3 Bb2 57. Ke4 Bd4 0-1

[Event "8th Sharjah Masters B"]
[Site "Sharjah UAE"]
[Date "2025.05.18"]
[Round "2.7"]
[White "Tabada, Jobannie C."]
[Black "Mayank, Chakraborty"]
[Result "0-1"]
[BlackTitle "IM"]
[WhiteElo "2197"]
[BlackElo "2436"]
[WhiteFideId "5206073"]
[BlackFideId "25659766"]
[EventDate "2025.05.17"]

1. e4 e5 2. Nf3 Nc6 3. Bc4 Nf6 4. Ng5 d5 5. exd5 Na5 6. Bb5+ Bd7 7. Qe2 Be7 8.
Nc3 O-O 9. O-O Bg4 10. Qd3 a6 11. Ba4 b5 12. Bb3 Nxb3 13. axb3 Bh5 14. Nge4 Nxe4
15. Nxe4 f5 16. Ng3 Bg6 17. f3 Bc5+ 18. Kh1 Qh4 19. f4 Bd6 20. Ne2 exf4 21. Ng1
Qe7 22. Qe2 f3 23. Qxf3 Qe5 24. Qh3 Qxd5 25. d3 Qc6 26. Nf3 Rae8 27. Nd4 Qd5 28.
Be3 Be5 29. c3 f4 30. Bg1 Bxd4 31. Bxd4 c5 32. Bg1 Bxd3 33. Rad1 c4 34. bxc4
bxc4 35. Qg4 h5 36. Qh3 Qg5 37. Rfe1 Be4 38. Bf2 f3 39. Kg1 fxg2 40. Qh4 Qxh4
41. Bxh4 Kh7 42. Bf2 Bf3 43. Rxe8 Rxe8 44. Ra1 Re6 45. Re1 Be4 46. Bd4 g5 47.
Bf2 h4 48. h3 Kg6 49. Rd1 Bf3 50. Re1 Be4 51. Rd1 g4 52. hxg4 Kg5 53. Rd4 h3 54.
Rxc4 h2+ 55. Kxh2 Kxg4 56. Kg1 Kf3 57. Rc8 Rh6 58. Rf8+ 0-1

[Event "8th Sharjah Masters B"]
[Site "Sharjah UAE"]
[Date "2025.05.18"]
[Round "2.8"]
[White "Burmakin, Vladimir"]
[Black "Dimitrova, Aleksandra"]
[Result "1-0"]
[WhiteTitle "GM"]
[BlackTitle "WIM"]
[WhiteElo "2435"]
[BlackElo "2176"]
[WhiteFideId "4105109"]
[BlackFideId "24173371"]
[EventDate "2025.05.17"]

1. Nf3 Nf6 2. g3 d5 3. Bg2 c6 4. b3 Bg4 5. Bb2 e6 6. d3 Nbd7 7. Nbd2 Bd6 8. h3
Bh5 9. g4 Bg6 10. Nh4 O-O 11. e3 Ne8 12. Nxg6 fxg6 13. Qe2 a5 14. a3 Nc7 15. c4
Be5 16. Bxe5 Nxe5 17. d4 Nf7 18. O-O g5 19. Nf3 a4 20. b4 Nd6 21. Ne5 Nf7 22.
Nxf7 Rxf7 23. b5 cxb5 24. cxb5 Ra5 25. Rfb1 Ne8 26. e4 Nf6 27. exd5 exd5 28. Rb4
Re7 29. Qc2 Ne4 30. Re1 Rc7 31. Qb2 Nc3 32. Re5 h6 33. b6 Rc6 34. Qd2 Ra8 35.
Qe3 Rac8 36. Re7 Ne4 37. Bxe4 Rc1+ 38. Kg2 Qxe7 39. Bxd5+ Kf8 40. Qf3+ Qf6 41.
Bxb7 Rb8 42. Qxf6+ gxf6 43. Be4 Re1 44. f3 Re2+ 45. Kg3 h5 46. gxh5 f5 47. Bxf5
Ra2 48. b7 Rxa3 49. Be4 1-0